Сдвоенный Оже-распад двух К-вакансий в неоне; Журнал технической физики; Т. 54, вып. 5

Bibliografske podrobnosti
Parent link:Журнал технической физики/ Академия наук СССР (АН СССР).— , 1931-.— 0044-4642
Т. 54, вып. 5.— 1984.— с. 990-992
Glavni avtor: Амусья М. Я.
Drugi avtorji: Килин В. А., Ли И. С.
Jezik:ruščina
Izdano: 1984
Teme:
Format: Book Chapter
KOHA link:https://koha.lib.tpu.ru/cgi-bin/koha/opac-detail.pl?biblionumber=438373

MARC

LEADER 00000naa2a2200000 4500
001 438373
005 20231101080808.0
035 |a (RuTPU)RU\TPU\prd\99625 
035 |a RU\TPU\tpu\13063 
090 |a 438373 
100 |a 20110215a1984 k y0rusy50 ca 
101 0 |a rus 
102 |a RU 
200 1 |a Сдвоенный Оже-распад двух К-вакансий в неоне  |f М. Я. Амусья, В. А. Килин, И. С. Ли 
461 0 |0 (RuTPU)RU\TPU\prd\452  |x 0044-4642  |t Журнал технической физики  |f Академия наук СССР (АН СССР)  |d 1931- 
463 0 |0 (RuTPU)RU\TPU\prd\99624  |t Т. 54, вып. 5  |v с. 990-992  |d 1984 
610 1 |a Оже-распад 
610 1 |a неон 
610 1 |a К-вакансии 
610 1 |a труды учёных ТПУ 
700 1 |a Амусья  |b М. Я. 
701 1 |a Килин  |b В. А. 
701 1 |a Ли  |b И. С. 
801 1 |a RU  |b 63413507  |c 20060913  |g PSBO 
801 2 |a RU  |b 63413507  |c 20110215  |g RCR 
942 |c BK